Sports Quiz

Random Sports Quiz

Handball-Bundesliga in Germany Quiz Stats

 Plays Quiz not verified by Sporcle

Challenge
Share
Tweet
Embed
Score 0/18 Timer 08:00
0 Plays Today
Founded Championsships % Correct
1904TWH Kiel
97.9%
1999HSV Hamburg
89.7%
1990SG Flensburg-Handewitt
88.4%
1891Füchse Berlin
79.8%
1965SC Magdeburg
77.7%
1861Vfl Gummersbach
71.1%
1911TBV Lemgo
71.1%
2002Rhein-Neckar Löwen
69%
1896Frisch Auf! Göppingen
50.8%
Founded Championsships % Correct
1912TSV Hannover-Burgdorf
43%
1924TSV GWD Minden
40.5%
1992HSG Wetzlar
38%
2002HBW Balingen-Weilstetten
35.1%
1861MT Melsungen
33.5%
1888TV Grosswallstadt
32.6%
2000HSG Düsseldorf
21.1%
1912/1945TuS N-Lübbecke
19.4%
1920TSV Dormagen
16.5%

You're not logged in!

Compare scores with friends on all Sporcle quizzes.
OR
Log In

You Might Also Like...

Show Comments

Extras

Top Quizzes Today


Score Distribution

Your Account Isn't Verified!

In order to create a playlist on Sporcle, you need to verify the email address you used during registration. Go to your Sporcle Settings to finish the process.

Report this User

Report this user for behavior that violates our Community Guidelines.

Details: